000 00351nam a22000977a 4500
100 _aKELI, J.Z.
245 _aEnquetes preliminaries sur les systems viviriers dans trois zones heveicoles de basse Cote D'Ivoire: Anguededou, Dabou, Bonoua
260 _aFrance
_bIRCA IInstitut de Recherches sur le Caoutchouc (CIRAD)
_c1988
300 _a38-47
942 _cRE
999 _c75397
_d75397